[Event "AUTO-ADV-4537"]
[Site "http://www.queenalice.com/game.php?id=1769641"]
[Date "2021.9.12"]
[Round "1"]
[White "Josecso2007"]
[Black "holandes"]
[Result "1-0"]
[WhiteElo "1870"]
[BlackElo "1852"]

1. e4 e5 2. Nf3 Nc6 3. Bb5 Nge7 4. O-O a6 5. Ba4 b5 6. Bb3 h6 7. c3 Ng6 8. d4
Bd6 9. d5 Na5 10. Bd2 O-O 11. Bc2 c6 12. Be3 c5 13. Nbd2 Be7 14. a3 d6 15. h3 f5
16. exf5 Bxf5 17. a4 Nh4 18. b4 Nxf3+ 19. Nxf3 Nc4 20. Qb1 Qd7 21. axb5 axb5 22.
Rxa8 Nxe3 23. Bxf5 Nxf5 24. Qa2 Rxa8 25. Qxa8+ Kh7 26. g4 Nh4 27. Nxh4 cxb4 28.
cxb4 Bxh4 29. Qc6 Qf7 30. Qxd6 Qf3 31. Qxe5 Qxh3 32. Qf4 Bg5 33. Qe4+ g6 34. d6
Qh4 35. Ra1 h5 36. Ra3 hxg4 37. Qa8 Bf4 38. Ra7+ Kh6 39. Qh8+ Kg5 40. Qxh4+ Kxh4
41. d7 Bg5 42. Rb7 g3 43. Rxb5 Bd8 44. Rb8 gxf2+ 45. Kxf2 Bc7 46. Rc8 Bb6+ 47.
Kg2 g5 48. Rc6 Bd8 49. b5 g4 50. b6 1-0

[Event "AUTO-ADV-4537"]
[Site "http://www.queenalice.com/game.php?id=1769642"]
[Date "2021.9.12"]
[Round "1"]
[White "holandes"]
[Black "Josecso2007"]
[Result "0-1"]
[WhiteElo "1861"]
[BlackElo "1854"]

1. e4 e5 2. Nc3 Bb4 3. Nge2 Nf6 4. a3 Bxc3 5. Nxc3 c6 6. Bc4 O-O 7. d3 h6 8. O-O
d5 9. exd5 cxd5 10. Bb3 Nc6 11. Ne2 a5 12. f4 e4 13. Nc3 Bg4 14. Qe1 d4 15. Nxe4
Nxe4 16. dxe4 d3 17. h3 Be2 18. Rf2 Qb6 19. Kh1 Nd4 20. Qc3 Rac8 21. Qd2 Nxb3
22. Qe3 Qxe3 23. Bxe3 Nxa1 24. cxd3 Bxd3 25. e5 Nc2 26. Bd2 b6 27. Rf3 Rcd8 28.
Bc3 Rfe8 29. Rg3 Re6 30. b4 Nxa3 31. bxa5 Nb5 32. Be1 Be4 33. axb6 Rxb6 34. Bf2
Rg6 35. Rxg6 Bxg6 36. g4 Nd4 37. f5 Bh7 38. Kg2 h5 39. Kg3 Rd5 40. Kh4 Nf3+ 41.
Kxh5 Nxe5 42. h4 f6 43. g5 fxg5 44. hxg5 Bxf5 45. g6 Bxg6+ 46. Kg5 Kh7 47. Be1
Nf3+ 0-1

[Event "BORA"]
[Site "http://www.queenalice.com/game.php?id=1770547"]
[Date "2021.9.23"]
[Round "-"]
[White "FrankBeckerokay"]
[Black "Josecso2007"]
[Result "1-0"]
[WhiteElo "2071"]
[BlackElo "1899"]

1. d4 d5 2. c4 b6 3. Nc3 Nf6 4. cxd5 Nxd5 5. e4 Nxc3 6. bxc3 e6 7. Nf3 Bb7 8.
Bb5+ c6 9. Bd3 c5 10. O-O a6 11. d5 exd5 12. exd5 Bxd5 13. Bg5 f6 14. Ne5 Qc7
15. Qh5+ Bf7 16. Nxf7 Qxf7 17. Qf3 Ra7 18. Bf4 Nd7 19. Qc6 Kd8 20. Bf5 g6 21.
Be6 Qg7 22. Rad1 Qe7 23. Rfe1 Ke8 24. Qc8+ 1-0

[Event "AUTO-ADV-4543"]
[Site "http://www.queenalice.com/game.php?id=1770843"]
[Date "2021.9.27"]
[Round "1"]
[White "Pin"]
[Black "Josecso2007"]
[Result "1-0"]
[WhiteElo "2010"]
[BlackElo "1833"]

1. e4 d5 2. exd5 Nf6 3. d4 Nxd5 4. c4 Nf6 5. Nc3 e6 6. Qc2 Qxd4 7. Nf3 Qd8 8.
Be2 Bb4 9. O-O b6 10. Ne4 Bb7 11. Neg5 Qe7 12. Bf4 Nc6 13. Rad1 O-O 14. a3 Bd6
15. Bxd6 cxd6 16. b4 Ne5 17. Nxe5 dxe5 18. Bf3 Bxf3 19. Nxf3 Rac8 20. Nxe5 Nd5
21. Qb3 Nf6 22. b5 Qc5 23. Nc6 Rc7 24. h3 h6 25. Rd3 a6 26. a4 Ra8 27. Rfd1 Ne4
28. Qc2 f5 29. Rd8+ Rxd8 30. Nxd8 Qxc4 31. Qxc4 Rxc4 32. Nxe6 Rxa4 33. bxa6 Rxa6
34. Rb1 Kf7 35. Nc7 Ra2 36. f3 Ng5 37. Rxb6 Rc2 38. Nd5 Rd2 39. Nf4 Rd1+ 40. Kf2
Rd4 41. Nh5 Ne6 42. Ng3 f4 43. Ne4 g5 44. Rb7+ Kg6 45. Rb6 Kf5 46. Rb8 Rd5 47.
Rh8 Kg6 48. Rg8+ Kh5 49. Nf6+ 1-0

[Event "AUTO-ADV-4543"]
[Site "http://www.queenalice.com/game.php?id=1770844"]
[Date "2021.9.27"]
[Round "1"]
[White "Josecso2007"]
[Black "Pin"]
[Result "1-0"]
[WhiteElo "1849"]
[BlackElo "2091"]

1. d4 d5 2. c4 e6 3. e3 Nf6 4. c5 b6 5. cxb6 cxb6 6. Nf3 Bd6 7. Bd3 O-O 8. h3
Ba6 9. O-O Bxd3 10. Qxd3 Nc6 11. a3 Ne7 12. Nc3 Rc8 13. Bd2 Ng6 14. Nb5 Bb8 15.
Bb4 Ne4 16. Bxf8 Kxf8 17. a4 Qe7 18. Rac1 Rd8 19. Rc2 a6 20. Na3 Qd6 21. Rfc1
Nh4 22. Nxh4 Qh2+ 23. Kf1 g5 24. Nf3 Qh1+ 25. Ke2 Qxg2 26. Rf1 Ng3+ 27. Ke1 Nxf1
28. Qxf1 Qxf3 29. Kd2 Bd6 30. Kc1 Bxa3 31. bxa3 Rd6 32. Qg1 Qxh3 33. Rc8+ 1-0

[Event "AUTO-ADV-4543"]
[Site "http://www.queenalice.com/game.php?id=1770861"]
[Date "2021.9.27"]
[Round "1"]
[White "Josecso2007"]
[Black "Atacante"]
[Result "0-1"]
[WhiteElo "1892"]
[BlackElo "1861"]

1. e4 e5 2. Nf3 d6 3. Bc4 Be7 4. h3 Nf6 5. d3 Nc6 6. Nc3 Bd7 7. Be3 O-O 8. Qd2
a6 9. a3 b5 10. Bd5 Nxd5 11. Nxd5 Be6 12. Nxe7+ Nxe7 13. b4 Ng6 14. h4 Bg4 15.
Qe2 Nf4 16. Bxf4 exf4 17. h5 c5 18. c3 Qf6 19. Qd2 Rfe8 20. Rh4 Bxf3 21. Rxf4
Qg5 22. Rxf3 Qxh5 23. Rh3 Qg6 24. Rg3 Qh5 25. Rh3 Qg4 26. f3 Qg6 27. O-O-O h6
28. g4 Qf6 29. Rdh1 Kf8 30. f4 Ke7 31. Re1 cxb4 32. e5 dxe5 33. Qb2 Qxf4+ 34.
Rhe3 Qxg4 35. Rxe5+ Kf8 36. cxb4 Rac8+ 37. Kb1 Rxe5 38. Qxe5 Qd7 39. Qe4 Qc7 40.
d4 Qc3 41. Qe3 Qc2+ 42. Ka1 Qc7 43. Qd3 Kg8 44. d5 Rd8 45. Kb2 Qh2+ 46. Kb3 Qd6
47. Rd1 Re8 48. Qd4 f5 49. Qg1 Re5 50. Qg2 f4 51. Rg1 Qxd5+ 52. Qxd5+ Rxd5 53.
Rf1 g5 54. Rc1 Rd6 55. Rc8+ Kg7 56. Rc7+ Kg6 57. Rc3 h5 58. Rf3 h4 59. Kc3 Kf5
0-1

[Event "AUTO-ADV-4543"]
[Site "http://www.queenalice.com/game.php?id=1770862"]
[Date "2021.9.27"]
[Round "1"]
[White "Atacante"]
[Black "Josecso2007"]
[Result "0-1"]
[WhiteElo "1859"]
[BlackElo "1899"]

1. e4 e5 2. Nf3 Nf6 3. Bc4 d5 4. exd5 Bg4 5. d3 Nxd5 6. Qe2 Nc6 7. O-O Be7 8.
Nbd2 O-O 9. Ne4 h6 10. Be3 f5 11. Nc3 Bxf3 12. Qxf3 Kh7 13. Bxd5 f4 14. Bd2 Rf6
15. Bxc6 bxc6 16. Qxc6 Rxc6 0-1

[Event "AUTO-ADV-4543"]
[Site "http://www.queenalice.com/game.php?id=1770863"]
[Date "2021.9.27"]
[Round "1"]
[White "Josecso2007"]
[Black "flanny"]
[Result "0-1"]
[WhiteElo "1806"]
[BlackElo "1710"]

1. e4 e5 2. Nf3 d6 3. c3 h6 4. Bc4 c6 5. d4 b5 6. Bb3 exd4 7. Nxd4 a5 8. O-O a4
9. Bc2 Nf6 10. Bf4 Bg4 11. Nf3 g5 12. Bg3 Bg7 13. e5 Nh5 14. exd6 O-O 15. Qd3
Nf6 16. Be5 Nbd7 17. Re1 Nc5 18. Bxf6 Nxd3 19. Bxd8 Nxe1 20. Nxe1 Raxd8 21. h3
Be6 22. Nf3 Rxd6 23. Nbd2 g4 0-1

[Event "AUTO-ADV-4543"]
[Site "http://www.queenalice.com/game.php?id=1770864"]
[Date "2021.9.27"]
[Round "1"]
[White "flanny"]
[Black "Josecso2007"]
[Result "1-0"]
[WhiteElo "1730"]
[BlackElo "1786"]

1. e4 e5 2. Bc4 Nf6 3. Nc3 Bc5 4. h3 c6 5. Nf3 O-O 6. d4 exd4 7. Nxd4 d5 8. exd5
cxd5 9. Be2 h6 10. Be3 b6 11. O-O Nbd7 12. Nc6 Qe8 13. Nb5 Ba6 14. Nc7 Qe4 15.
Bxa6 d4 16. Nxa8 dxe3 17. Bb7 exf2+ 18. Kh1 Rb8 19. b4 Bxb4 20. Nxb8 Qxb7 21.
Nxd7 Nxd7 22. Rxf2 Be7 23. Qf3 1-0

[Event "AUTO-ADV-4559"]
[Site "http://www.queenalice.com/game.php?id=1774784"]
[Date "2021.11.14"]
[Round "1"]
[White "akleetch"]
[Black "Josecso2007"]
[Result "1-0"]
[WhiteElo "1832"]
[BlackElo "1779"]

1. e4 g6 2. d4 Bg7 3. b3 d6 4. Bb2 c5 5. c3 Nc6 6. d5 Nb4 7. Na3 Na6 8. h3 Nb4
9. Qd2 Na6 10. Bd3 b6 11. Nf3 e5 12. dxe6 fxe6 13. Bb5+ Ke7 14. O-O Bb7 15. Qe3
Nf6 16. Nd2 Nc7 17. Rad1 a6 18. Be2 b5 19. f4 Bh6 20. Nf3 e5 21. Nxe5 d5 22.
exd5 Qd6 23. Nec4+ Kd7 24. Nxd6 Bxd5 25. c4 Kxd6 26. Bxf6 Rhe8 27. Be5+ Kc6 28.
cxd5+ Nxd5 29. Bf3 Rad8 30. Bxd5+ Rxd5 31. Qe4 1-0

[Event "AUTO-ADV-4559"]
[Site "http://www.queenalice.com/game.php?id=1774785"]
[Date "2021.11.14"]
[Round "1"]
[White "Josecso2007"]
[Black "akleetch"]
[Result "0-1"]
[WhiteElo "1799"]
[BlackElo "1793"]

1. e4 e5 2. Nf3 Nc6 3. Bc4 Nd4 4. Nxe5 Qg5 5. Bxf7+ Ke7 6. Nf3 Qxg2 7. Ng1 Qxh1
8. Kf1 Kxf7 9. Qh5+ g6 10. Qd5+ Ne6 11. h3 Nf6 12. Qc4 c6 13. Nc3 Kg7 14. a4 Bd6
15. d3 b6 16. Bd2 a5 17. Re1 Ba6 18. Qb3 Bh2 19. Ne2 Rab8 20. Be3 b5 21. c3 b4
22. c4 g5 23. Qd1 g4 24. h4 Rhf8 25. Qd2 Kg8 26. Ng3 Qxg1+ 27. Ke2 Qg2 28. Kd1
c5 29. b3 Nd4 30. Bxd4 cxd4 31. Qg5+ Kh8 32. Re2 Qf3 33. Kd2 Bg1 34. Nf5 Rf7 35.
e5 Rg8 36. Qh6 Bxf2 37. exf6 Qxf5 38. Qg5 Rxg5 39. hxg5 Qxg5+ 40. Kc2 Qxf6 41.
Re8+ Kg7 0-1

[Event "AUTO-ADV-4559"]
[Site "http://www.queenalice.com/game.php?id=1774797"]
[Date "2021.11.14"]
[Round "1"]
[White "Josecso2007"]
[Black "jambalaya"]
[Result "1-0"]
[WhiteElo "1784"]
[BlackElo "1764"]

1. e4 c5 2. Bc4 Nc6 3. Nf3 e6 4. c3 Nf6 5. O-O g6 6. d3 Bg7 7. Bg5 h6 8. Bh4 g5
9. Bg3 e5 10. Nxe5 Nxe5 11. Bxe5 O-O 12. h3 d6 13. Bxf6 Qxf6 14. Qh5 Kh7 15. Nd2
Qg6 16. Qxg6+ fxg6 17. Bd5 Rb8 18. Nc4 Be5 19. Nxe5 dxe5 20. Rab1 b6 21. b4 Bb7
22. Bc4 a6 23. bxc5 bxc5 24. Rb2 Kg7 25. Rfb1 Bc6 26. Rxb8 1-0

[Event "AUTO-INT-3686"]
[Site "http://www.queenalice.com/game.php?id=1777718"]
[Date "2021.12.20"]
[Round "2"]
[White "Tenor"]
[Black "Josecso2007"]
[Result "1-0"]
[WhiteElo "1652"]
[BlackElo "1769"]

1. Nf3 g6 2. e4 Bg7 3. d4 d6 4. d5 Nh6 5. Bf4 O-O 6. c3 c6 7. Bc4 Qb6 8. Qc2 Ng4
9. O-O cxd5 10. Bxd5 e5 11. Be3 Nxe3 12. fxe3 Qxe3+ 13. Qf2 Bh6 14. Qxe3 Bxe3+
15. Kh1 a5 16. Na3 Ra7 17. Nb5 Bc5 18. Nxa7 Kg7 19. Nxc8 Rxc8 20. Bxb7 Rc7 21.
Bd5 Nd7 22. a4 Nf6 23. Ng5 h6 24. Nf3 Nh5 25. Nd2 Nf4 26. Nb3 Bb6 27. Rad1 Re7
28. c4 Rc7 29. Rc1 Nd3 30. Rc2 h5 31. g3 1-0

[Event "AUTO-INT-3686"]
[Site "http://www.queenalice.com/game.php?id=1777719"]
[Date "2021.12.20"]
[Round "2"]
[White "Josecso2007"]
[Black "Tenor"]
[Result "0-1"]
[WhiteElo "1748"]
[BlackElo "1673"]

1. e4 Nc6 2. Nf3 e5 3. Bb5 Nf6 4. O-O Nxe4 5. Re1 f5 6. Nc3 d6 7. Nxe4 fxe4 8.
Rxe4 Bd7 9. d4 Be7 10. d5 Na5 11. Qe2 c6 12. dxc6 Nxc6 13. b3 a6 14. Bxc6 Bxc6
15. Rg4 g6 16. Bb2 Bf6 17. Rd1 e4 18. Bxf6 Qxf6 19. Nd4 h5 20. Rg3 O-O-O 21.
Nxc6 bxc6 22. Rc3 Qxc3 23. Qxa6+ Kd7 24. Qe2 d5 25. h4 Rhe8 26. g4 Qh3 27. gxh5
Rh8 28. Qxe4 gxh5 29. c4 Qe6 30. Qxe6+ Kxe6 0-1

[Event "AUTO-INT-3686"]
[Site "http://www.queenalice.com/game.php?id=1777722"]
[Date "2021.12.20"]
[Round "2"]
[White "profeta"]
[Black "Josecso2007"]
[Result "1-0"]
[WhiteElo "1545"]
[BlackElo "1783"]

1. e4 e5 2. Nf3 d6 3. Nc3 c6 4. d4 Bg4 5. dxe5 Bxf3 6. Qxf3 dxe5 7. Bc4 Nf6 8.
Bg5 Be7 9. Bxf6 Bxf6 10. Rd1 Qb6 11. O-O Qxb2 12. Rb1 Qxc2 13. Rxb7 O-O 14. Rxf7
a5 15. Rxf6+ Rf7 16. Rxf7 1-0

[Event "AUTO-INT-3686"]
[Site "http://www.queenalice.com/game.php?id=1777723"]
[Date "2021.12.20"]
[Round "2"]
[White "Josecso2007"]
[Black "profeta"]
[Result "1-0"]
[WhiteElo "1757"]
[BlackElo "1557"]

1. e4 e5 2. Nf3 Nc6 3. Bc4 Nf6 4. O-O Nxe4 5. Re1 d5 6. Bb3 Bg4 7. h3 Bxf3 8.
Qxf3 Nb4 9. a3 Qf6 10. Qe2 Qxf2+ 11. Qxf2 Nxf2 12. Rxe5+ Be7 13. Kxf2 Nc6 14.
Rxd5 Rd8 15. Rxd8+ Bxd8 16. d3 O-O 17. Bf4 Nd4 18. Ba4 b5 19. Bb3 Nxb3 20. cxb3
Bf6 21. Nc3 c6 22. g4 g5 23. Be3 a5 24. Rb1 b4 25. Ne4 Be7 26. Rc1 bxa3 27. bxa3
Bxa3 28. Rxc6 Kg7 29. Nxg5 Be7 30. h4 Bxg5 31. Bxg5 Rd8 32. Bxd8 1-0

[Event "AUTO-INT-3686"]
[Site "http://www.queenalice.com/game.php?id=1777724"]
[Date "2021.12.20"]
[Round "2"]
[White "Nigel68"]
[Black "Josecso2007"]
[Result "1-0"]
[WhiteElo "1802"]
[BlackElo "1784"]

1. e4 e5 2. Nf3 d6 3. d4 Qf6 4. d5 c6 5. Bc4 b5 6. Bd3 Be7 7. O-O Bg4 8. Bg5
Qxg5 9. Nxg5 Bxd1 10. Nxf7 Kxf7 11. Rxd1 a6 12. Nd2 Nf6 13. Nf3 cxd5 14. exd5
Nbd7 15. Bf5 Nc5 16. Ng5+ Ke8 17. b4 Ncd7 18. Ne6 Kf7 19. Nc7 Rad8 20. Be6+ Kg6
21. Rd3 Rc8 22. Rc3 Rhf8 23. Re1 Bd8 24. Rg3+ Kh6 25. Nxa6 Rxc2 26. a3 Bb6 27.
Rf1 Rd8 28. Bf7 g6 29. Be6 1-0

[Event "AUTO-INT-3686"]
[Site "http://www.queenalice.com/game.php?id=1777725"]
[Date "2021.12.20"]
[Round "2"]
[White "Josecso2007"]
[Black "Nigel68"]
[Result "1-0"]
[WhiteElo "1765"]
[BlackElo "1831"]

1. e4 b6 2. d4 d5 3. e5 f6 4. c4 Nc6 5. f4 e6 6. Nf3 Nh6 7. Be2 Qe7 8. Nc3 Qb4
9. cxd5 exd5 10. O-O Bg4 11. Nxd5 Qa5 12. Nxc7+ Kd7 13. Nxa8 Be7 14. Bd2 Qd5 15.
Nxb6+ axb6 16. b3 fxe5 17. Nxe5+ Nxe5 18. dxe5 Bf5 19. Bf3 Qc5+ 20. Be3+ 1-0